Sports Quiz

Random Sports or NBA Quiz

Impossible NBA Chain Quiz for KOT4Q Stats

 Plays Quiz not verified by Sporcle

Support Sporcle.
Go Orange.
Score 0/50 Timer 15:00
0 Plays Today
% Correct
???
99.8%
???
97%
???
90.3%
???
66.8%
???
55.5%
???
55.4%
???
41.9%
???
33.6%
???
33.6%
???
32.9%
???
32.5%
???
31.2%
???
18.8%
???
16.7%
???
13.7%
???
13.7%
???
12.3%
???
12.1%
???
10.6%
???
10.5%
???
8.9%
???
8.3%
???
8.3%
???
8.3%
???
8.2%
% Correct
???
7.6%
???
7.4%
???
7.3%
???
6.5%
???
5.9%
???
5.3%
???
5.3%
???
5.1%
???
5%
???
5%
???
5%
???
4.4%
???
3.6%
???
3.2%
???
2.7%
???
2.6%
???
2.6%
???
2.5%
???
2.4%
???
2.4%
???
2.4%
???
2.1%
???
2.1%
???
1.3%
???
0.7%

You're not logged in!

Compare scores with friends on all Sporcle quizzes.
OR
Log In

From the Vault

March 27th Mini Trivia

by sproutcm

Today is a day that deserves a quiz. Unless it's tomorrow.
Remove Ads.
Support Sporcle.
Get the best of Sporcle when you Go Orange. This ad-free experience offers more features, more stats, and more fun while also helping to support Sporcle. Thank you for becoming a member.

Show Comments

Extras

Top Quizzes Today


Score Distribution

Your Account Isn't Verified!

In order to create a playlist on Sporcle, you need to verify the email address you used during registration. Go to your Sporcle Settings to finish the process.

Report this User

Report this user for behavior that violates our Community Guidelines.

Details: